[Event "DEN-ch Seniors 65"]
[Site "Aalborg"]
[Date "2022.02.23"]
[Round "4"]
[White "Kristensen, Lars Ostergaard"]
[Black "Rasmussen, Anders1"]
[Result "1/2-1/2"]
[WhiteElo "1530"]
[BlackElo "1474"]
[PlyCount "43"]
[EventDate "2022.02.20"]
[EventType "swiss"]
[EventRounds "7"]
[EventCountry "DEN"]
[SourceTitle "EXT 2024"]
[Source "ChessBase"]
[SourceDate "2023.10.10"]
[SourceVersion "1"]
[SourceVersionDate "2023.10.10"]
[SourceQuality "1"]

1. d4 d5 2. c4 Nf6 3. Nc3 e6 4. cxd5 exd5 5. Bg5 c6 6. Qc2 Nbd7 7. e3 Qc7 8. Bd3 h6 9. Bf4 Bd6 10. Bxd6 Qxd6 11. Nf3 0-0 12. 0-0 Re8 13. Rab1 Nf8 14. b4 b5 15. Rfc1 Bd7 16. Ne5 Rac8 17. Ne2 Ng4 18. Nxg4 Bxg4 19. Nf4 a6 20. Be2 Bxe2 21. Qxe2 Ne6 22. Nxe6 1/2-1/2

[Event "DEN-ch Seniors 65"]
[Site "Aalborg"]
[Date "2022.02.20"]
[Round "1"]
[White "Knudsen, Ole Bech"]
[Black "Kristensen, Lars Ostergaard"]
[Result "1-0"]
[WhiteElo "1939"]
[BlackElo "1530"]
[PlyCount "41"]
[EventDate "2022.02.20"]
[EventType "swiss"]
[EventRounds "7"]
[EventCountry "DEN"]
[SourceTitle "EXT 2024"]
[Source "ChessBase"]
[SourceDate "2023.10.10"]
[SourceVersion "1"]
[SourceVersionDate "2023.10.10"]
[SourceQuality "1"]

1. e4 c6 2. d4 d5 3. e5 Bf5 4. h4 h5 5. Bd3 Bxd3 6. Qxd3 e6 7. Bg5 Be7 8. Nf3 Qa5+ 9. Nbd2 Qa6 10. c4 Nd7 11. 0-0 Bxg5 12. Nxg5 Ne7 13. Qf3 Nf5 14. cxd5 cxd5 15. Rfc1 f6 16. exf6 gxf6 17. Nxe6 Qxe6 18. Re1 Nxd4 19. Rxe6+ Nxe6 20. Qxd5 Nf4 21. Qe4+ 1-0

[Event "DEN-ch Seniors 65"]
[Site "Logumkloster"]
[Date "2020.02.09"]
[Round "1"]
[White "Kristensen, Lars Ostergaard"]
[Black "Norregaard, Claus"]
[Result "0-1"]
[WhiteElo "1632"]
[BlackElo "1941"]
[PlyCount "76"]
[EventDate "2020.02.09"]
[EventType "swiss"]
[EventRounds "7"]
[EventCountry "DEN"]
[SourceTitle "EXT 2021"]
[Source "ChessBase"]
[SourceDate "2020.10.23"]
[SourceVersion "1"]
[SourceVersionDate "2020.10.23"]
[SourceQuality "1"]

1. d4 Nf6 2. c4 e6 3. Nf3 b6 4. g3 Bb7 5. Bg2 Be7 6. 0-0 0-0 7. Nc3 Ne4 8. Qc2 Nxc3 9. Qxc3 f5 10. e3 d6 11. Rd1 Nd7 12. Nd2 Bxg2 13. Kxg2 Bf6 14. Qc2 Qe8 15. Nf3 Qg6 16. b4 e5 17. dxe5 Nxe5 18. Nxe5 Bxe5 19. Bb2 Qf6 20. Bxe5 Qxe5 21. Qd3 Rfe8 22. Qd5+ Kf8 23. Rac1 a5 24. Qxe5 Rxe5 25. b5 Rae8 26. a4 Kf7 27. Rd4 Kf6 28. h4 h6 29. Rcd1 Rc5 30. Rc1 Re4 31. Kf3 Ke5 32. Rd5+ Rxd5 33. cxd5 Rxa4 34. Rxc7 Rb4 35. Rxg7 Rxb5 36. Rh7 a4 37. Ra7 Ra5 38. Rb7 a3 0-1

[Event "Bronshoj Lang Weekend"]
[Site "Copenhagen"]
[Date "2018.02.15"]
[Round "1"]
[White "Nilssen, Ellen Fredericia"]
[Black "Kristensen, Lars Ostergaard"]
[Result "1-0"]
[WhiteElo "2049"]
[BlackElo "1641"]
[PlyCount "71"]
[EventDate "2018.02.15"]
[EventType "swiss"]
[EventRounds "7"]
[EventCountry "DEN"]
[SourceTitle "CBM 183 Extra"]
[Source "ChessBase"]
[SourceDate "2018.04.19"]
[SourceVersion "1"]
[SourceVersionDate "2018.04.19"]
[SourceQuality "1"]

1. d4 Nf6 2. c4 d6 3. Nc3 Nbd7 4. Nf3 e5 5. Bg5 Be7 6. e3 0-0 7. Qc2 h6 8. Bh4 c6 9. Bd3 a6 10. 0-0 b5 11. Rfd1 Qc7 12. cxb5 cxb5 13. Nd5 Qd8 14. Bxf6 Bxf6 15. Qc6 Ra7 16. Qxd6 exd4 17. Nxd4 Re8 18. Nc6 Re6 19. Qxe6 fxe6 20. Nxd8 exd5 21. Nc6 Ra8 22. Rac1 Nb6 23. b3 Bd7 24. Kf1 Rc8 25. Nd4 Be5 26. Rxc8+ Bxc8 27. Bf5 Bxf5 28. Nxf5 Kf7 29. Rc1 b4 30. Nd4 a5 31. Rc5 a4 32. Rb5 axb3 33. axb3 Nd7 34. Rxd5 Ke7 35. Nc6+ Ke6 36. Rxd7 1-0

[Event "Copenhagen Bronshoj op"]
[Site "Copenhagen"]
[Date "2017.02.14"]
[Round "5"]
[White "Mouritsen, Jan"]
[Black "Kristensen, Lars Ostergaard"]
[Result "1/2-1/2"]
[WhiteElo "1917"]
[BlackElo "1709"]
[PlyCount "56"]
[EventDate "2017.02.10"]
[EventType "swiss"]
[EventRounds "7"]
[EventCountry "DEN"]
[SourceTitle "CBM 176 Extra"]
[Source "ChessBase"]
[SourceDate "2017.03.02"]
[SourceVersion "1"]
[SourceVersionDate "2017.03.02"]
[SourceQuality "1"]

1. e4 c6 2. c4 d6 3. d4 Nd7 4. f4 e5 5. Nf3 Ngf6 6. Nc3 exd4 7. Nxd4 Nc5 8. Qc2 Be7 9. Be2 0-0 10. 0-0 Re8 11. b4 Ncxe4 12. Nxe4 Nxe4 13. Bb2 Bf6 14. Bf3 d5 15. c5 Qc7 16. Rae1 Bd7 17. Bxe4 dxe4 18. Rxe4 Rad8 19. Rfe1 Qc8 20. Rxe8+ Rxe8 21. Rd1 Bg4 22. Rd2 Re1+ 23. Kf2 Qe8 24. Ne2 Rxe2+ 25. Rxe2 Qxe2+ 26. Qxe2 Bxe2 27. Bxf6 Bc4 28. Bc3 Bxa2 1/2-1/2

[Event "Helsingor Xtracon op"]
[Site "Helsingor"]
[Date "2016.07.28"]
[Round "7"]
[White "Kristensen, Lars Ostergaard"]
[Black "Morling, Aase"]
[Result "1-0"]
[WhiteElo "1710"]
[BlackElo "1539"]
[PlyCount "115"]
[EventDate "2016.07.23"]
[EventType "swiss"]
[EventRounds "10"]
[EventCountry "DEN"]
[SourceTitle "CBM 173 Extra"]
[Source "ChessBase"]
[SourceDate "2016.08.29"]
[SourceVersion "1"]
[SourceVersionDate "2016.08.29"]
[SourceQuality "1"]

1. d4 Nf6 2. c4 e6 3. Nc3 Bb4 4. e3 d5 5. cxd5 exd5 6. Bd3 0-0 7. Nge2 b6 8. a3 Be7 9. 0-0 Bb7 10. Ng3 Ba6 11. Re1 Bxd3 12. Qxd3 g6 13. e4 dxe4 14. Ncxe4 Nbd7 15. Bg5 Nxe4 16. Bxe7 Qxe7 17. Rxe4 Qd6 18. Rae1 Nf6 19. Re5 Rfe8 20. f4 c5 21. d5 Kf8 22. Ne4 Nxe4 23. Qxe4 Rxe5 24. fxe5 Qd8 25. Rf1 Kg7 26. e6 fxe6 27. Qe5+ Kh6 28. Qxe6 Qe8 29. Qh3+ Kg7 30. d6 Rd8 31. Qg3 Qe6 32. Rd1 Rd7 33. h4 Qe2 34. Re1 Qxb2 35. Re7+ Rxe7 36. dxe7 Qd4+ 37. Kh2 Qd7 38. Qe5+ Kf7 39. Qh8 Qd6+ 40. g3 Qxe7 41. Qxh7+ Ke6 42. Qxg6+ Qf6 43. Qe4+ Qe5 44. Qc4+ Qd5 45. Qa6 Qd2+ 46. Kh3 Qd7 47. g4 Qc7 48. Qc4+ Ke5 49. h5 Qd7 50. a4 Qd4 51. Qxd4+ cxd4 52. Kg3 Kf6 53. Kf4 a6 54. Ke4 b5 55. axb5 d3 56. Kxd3 axb5 57. Kc3 Kg5 58. Kb4 1-0

[Event "Politiken Cup 37th"]
[Site "Helsingor"]
[Date "2015.07.31"]
[Round "8"]
[White "Kristensen, Lars Ostergaard"]
[Black "Jorgensen, Alexander Torp"]
[Result "1-0"]
[WhiteElo "1675"]
[BlackElo "1842"]
[PlyCount "53"]
[EventDate "2015.07.25"]
[EventType "swiss"]
[EventRounds "10"]
[EventCountry "DEN"]
[SourceTitle "CBM 167 Extra"]
[Source "ChessBase"]
[SourceDate "2015.09.14"]
[SourceVersion "1"]
[SourceVersionDate "2015.09.14"]
[SourceQuality "1"]

1. d4 Nf6 2. c4 g6 3. Nc3 d5 4. Nf3 Bg7 5. Qb3 dxc4 6. Qxc4 0-0 7. e4 b6 8. Bf4 c5 9. Rd1 Ba6 10. Qb3 Bxf1 11. Kxf1 cxd4 12. Rxd4 Nbd7 13. e5 Nh5 14. Bg5 h6 15. Bh4 g5 16. Bg3 Nxg3+ 17. hxg3 Qc7 18. Rc4 Qb7 19. Qc2 Rfc8 20. Rg4 f5 21. Nxg5 fxg4 22. Qh7+ Kf8 23. Rxh6 Nxe5 24. Ne6+ Ke8 25. Qxg7 Rxc3 26. bxc3 Qd5 27. Nc7+ 1-0

[Event "Politiken Cup 37th"]
[Site "Helsingor"]
[Date "2015.07.29"]
[Round "6"]
[White "Kristensen, Lars Ostergaard"]
[Black "Rasmussen, Lars Garne"]
[Result "1/2-1/2"]
[WhiteElo "1675"]
[BlackElo "1953"]
[PlyCount "65"]
[EventDate "2015.07.25"]
[EventType "swiss"]
[EventRounds "10"]
[EventCountry "DEN"]
[SourceTitle "CBM 167 Extra"]
[Source "ChessBase"]
[SourceDate "2015.09.14"]
[SourceVersion "1"]
[SourceVersionDate "2015.09.14"]
[SourceQuality "1"]

1. d4 d5 2. c4 dxc4 3. e3 Nf6 4. Nc3 a6 5. Bxc4 e6 6. Nf3 c5 7. 0-0 Nc6 8. dxc5 Qxd1 9. Rxd1 Bxc5 10. b3 b5 11. Bf1 Bb7 12. Bb2 Ke7 13. Rac1 Bb6 14. Ne2 Rhd8 15. Ned4 Nxd4 16. Nxd4 Rd7 17. Ba3+ Ke8 18. Be2 Rad8 19. Bb2 Kf8 20. Nf3 Ne4 21. Rxd7 Rxd7 22. Rd1 Rxd1+ 23. Bxd1 f6 24. Bc2 Bd5 25. Bd3 h6 26. Kf1 Ke7 27. Ke2 Bc5 28. Ne1 Bb4 29. Bxe4 Bxe4 30. Nd3 Bd6 31. g3 b4 32. Bd4 Kd7 33. Nc5+ 1/2-1/2

[Event "Copenhagen Bronshoj op"]
[Site "Copenhagen"]
[Date "2014.02.09"]
[Round "4"]
[White "Kristensen, Lars Ostergaard"]
[Black "Kryger, Oksana"]
[Result "0-1"]
[WhiteElo "1657"]
[BlackElo "2117"]
[PlyCount "94"]
[EventDate "2014.02.07"]
[EventType "swiss"]
[EventRounds "7"]
[EventCountry "DEN"]
[SourceTitle "CBM 158 Extra"]
[Source "ChessBase"]
[SourceDate "2014.02.28"]
[SourceVersion "1"]
[SourceVersionDate "2014.02.28"]
[SourceQuality "1"]

1. d4 Nf6 2. c4 e6 3. Nf3 Bb4+ 4. Bd2 Qe7 5. Nc3 Bxc3 6. Bxc3 Ne4 7. Qc2 Nxc3 8. Qxc3 d6 9. e4 Nd7 10. Bd3 e5 11. dxe5 dxe5 12. 0-0 a5 13. Rfd1 0-0 14. a3 a4 15. Rd2 b6 16. Bc2 Bb7 17. Rad1 Bc6 18. Qe3 Nc5 19. Ne1 Rfe8 20. f3 Red8 21. Nd3 Nxd3 22. Rxd3 f6 23. Rxd8+ Rxd8 24. Rxd8+ Qxd8 25. Qd3 Qd4+ 26. Kf1 Kf7 27. Qxd4 exd4 28. Bd3 Bd7 29. Ke2 c5 30. Kf2 Ke6 31. f4 g6 32. g4 Kd6 33. Kg3 Be6 34. h4 b5 35. cxb5 Bb3 36. e5+ fxe5 37. fxe5+ Kxe5 38. b6 Kd6 39. h5 gxh5 40. g5 Bg8 41. Bc2 c4 42. Bxa4 Bf7 43. Bb5 c3 44. bxc3 dxc3 45. Bd3 Bg6 46. a4 Bxd3 47. a5 Kc6 0-1

[Event "Copenhagen Bronshoj op"]
[Site "Copenhagen"]
[Date "2014.02.09"]
[Round "5"]
[White "Mouritsen, Jan"]
[Black "Kristensen, Lars Ostergaard"]
[Result "1/2-1/2"]
[WhiteElo "1878"]
[BlackElo "1657"]
[PlyCount "82"]
[EventDate "2014.02.07"]
[EventType "swiss"]
[EventRounds "7"]
[EventCountry "DEN"]
[SourceTitle "CBM 158 Extra"]
[Source "ChessBase"]
[SourceDate "2014.02.28"]
[SourceVersion "1"]
[SourceVersionDate "2014.02.28"]
[SourceQuality "1"]

1. d4 d5 2. Nf3 e6 3. c4 c5 4. cxd5 exd5 5. Nc3 c4 6. g3 Nc6 7. Bg2 Nf6 8. 0-0 Be7 9. Ne5 0-0 10. Nxc6 bxc6 11. e4 Rb8 12. e5 Ne8 13. f4 g6 14. g4 Ng7 15. Bh3 f5 16. exf6 Rxf6 17. Bg2 Be6 18. Rb1 Qd7 19. h3 c5 20. Be3 cxd4 21. Bxd4 Rf7 22. Bxg7 Kxg7 23. Bxd5 Bxd5 24. Qxd5 Qxd5 25. Nxd5 Bc5+ 26. Kg2 Rd7 27. Nc3 Rd2+ 28. Kg3 Rbxb2 29. Rxb2 Rxb2 30. Na4 Rb5 31. Rc1 a5 32. Rxc4 Bb4 33. Kf3 Rd5 34. Re4 Rd2 35. Re2 Rd3+ 36. Kg2 Bd6 37. Nb2 Rc3 38. Nd1 Rc1 39. Nf2 Rc4 40. Nd3 Bxf4 41. Nxf4 Rxf4 1/2-1/2

[Event "Politiken Cup 35th"]
[Site "Helsingor"]
[Date "2013.08.03"]
[Round "9"]
[White "Marshall, Michael"]
[Black "Kristensen, Lars Ostergaard"]
[Result "1-0"]
[WhiteElo "1839"]
[BlackElo "1666"]
[PlyCount "85"]
[EventDate "2013.07.27"]
[EventType "swiss"]
[EventRounds "10"]
[EventCountry "DEN"]
[SourceTitle "CBM 155 Extra"]
[Source "ChessBase"]
[SourceDate "2013.08.26"]
[SourceVersion "1"]
[SourceVersionDate "2013.08.26"]
[SourceQuality "1"]

1. c4 c5 2. g3 Nc6 3. Bg2 Nf6 4. Nc3 e6 5. e4 Be7 6. Nge2 0-0 7. 0-0 Qb6 8. d3 d6 9. Rb1 a5 10. h3 Bd7 11. Be3 Nd4 12. b3 Bc6 13. a3 e5 14. f4 Qc7 15. Kh2 Bd7 16. f5 h6 17. g4 Nh7 18. Ng3 Qd8 19. Nd5 Bg5 20. Qd2 Bc6 21. Bxg5 Qxg5 22. Qxg5 Nxg5 23. h4 Nh7 24. f6 Bxd5 25. fxg7 Kxg7 26. exd5 b6 27. Nh5+ Kh8 28. Be4 Ra7 29. Bxh7 Kxh7 30. Nf6+ Kg6 31. Ne4 f5 32. gxf5+ Nxf5 33. Nxd6 Rf6 34. Nxf5 Raf7 35. Ng3 Rf2+ 36. Rxf2 Rxf2+ 37. Kh3 Rd2 38. h5+ Kf7 39. Rf1+ Ke8 40. Rb1 Rxd3 41. Kg4 Kd7 42. Nf5 Rd2 43. Nxh6 1-0

[Event "Copenhagen Bronshoj op"]
[Site "Copenhagen"]
[Date "2013.02.11"]
[Round "6"]
[White "Brondum, Jan Kraul"]
[Black "Kristensen, Lars Ostergaard"]
[Result "1-0"]
[WhiteElo "1587"]
[BlackElo "1672"]
[PlyCount "95"]
[EventDate "2013.02.08"]
[EventType "swiss"]
[EventRounds "7"]
[EventCountry "DEN"]
[SourceTitle "EXT 2015"]
[Source "ChessBase"]
[SourceDate "2014.11.20"]
[SourceVersion "1"]
[SourceVersionDate "2014.11.20"]
[SourceQuality "1"]

1. e4 c6 2. d4 d5 3. Nc3 dxe4 4. Nxe4 Bf5 5. Ng3 Bg6 6. Nf3 Nd7 7. h4 h6 8. h5 Bh7 9. Bd3 Bxd3 10. Qxd3 e6 11. Bd2 Ngf6 12. 0-0-0 Qc7 13. Rde1 Be7 14. Ne4 0-0 15. Reg1 c5 16. g4 Nxe4 17. Qxe4 Nf6 18. Qe2 cxd4 19. Nxd4 Nd5 20. Nxe6 fxe6 21. Qxe6+ Kh8 22. Qxd5 Rxf2 23. Qa5 Qd7 24. g5 Rd8 25. Rd1 Rxd2 26. Qxd2 Qxd2+ 27. Rxd2 Bxg5 28. Rhd1 Kg8 29. c3 Kf7 30. Kc2 Rxd2+ 31. Rxd2 Bxd2 32. Kxd2 Kf6 33. c4 Kg5 34. b4 Kxh5 35. c5 Kg4 36. b5 h5 37. c6 bxc6 38. bxc6 h4 39. c7 Kg3 40. c8Q g5 41. Qc1 g4 42. Qg1+ Kf3 43. Qh1+ Kg3 44. Ke2 h3 45. Qg1+ Kh4 46. Kf2 Kh5 47. Kg3 Kg5 48. Qc5+ 1-0

[Event "Copenhagen Bronshoj op"]
[Site "Copenhagen"]
[Date "2013.02.11"]
[Round "7"]
[White "Kristensen, Lars Ostergaard"]
[Black "Kyrkjebo, Marte Bakken"]
[Result "1-0"]
[WhiteElo "1672"]
[BlackElo "1632"]
[PlyCount "61"]
[EventDate "2013.02.08"]
[EventType "swiss"]
[EventRounds "7"]
[EventCountry "DEN"]
[SourceTitle "EXT 2015"]
[Source "ChessBase"]
[SourceDate "2014.11.20"]
[SourceVersion "1"]
[SourceVersionDate "2014.11.20"]
[SourceQuality "1"]

1. d4 d5 2. c4 c6 3. Nc3 Nf6 4. cxd5 cxd5 5. Bf4 Nc6 6. e3 e6 7. Rc1 Bd6 8. Bxd6 Qxd6 9. f4 0-0 10. Nf3 Qe7 11. Ne5 Nxe5 12. fxe5 Nd7 13. Bd3 Qh4+ 14. g3 Qh3 15. Ne2 Qg2 16. Kd2 f6 17. Qc2 g6 18. Bxg6 hxg6 19. Qxg6+ Kh8 20. Qh6+ Kg8 21. Rhf1 Qe4 22. exf6 Qh7 23. f7+ Rxf7 24. Qxe6 Nb6 25. Qe8+ Kg7 26. Rxf7+ Kh6 27. Rxh7+ Kxh7 28. Rc7+ Kh6 29. Qf8+ Kh5 30. Rh7+ Kg4 31. Qf4# 1-0